| 000 | 00491nam a2200181Ia 4500 | ||
|---|---|---|---|
| 001 | 7902 | ||
| 005 | 20260306160529.0 | ||
| 008 | 260306t1997||||xx |||||||||||||| ||spa|| | ||
| 041 | _aESP | ||
| 082 |
_a363.70601 _bD77 |
||
| 100 |
_aArizpe, Lourdes (Ed.) _eAUT |
||
| 245 | 0 |
_aLas dimensiones culturales y biológicas del cambio global: _buna perspectiva antropológica |
|
| 260 | _c1997 | ||
| 300 |
_a430 páginas : _c21 cm. |
||
| 650 | _aGEN | ||
| 654 | _aCAN | ||
| 942 |
_cLIB _dJUS _fJUS _2ddc _n |
||
| 999 |
_c7902 _d7902 |
||